000 01145nam a22002777a 4500
001 0006548
003 DO-SdBNP
005 20180206145048.0
007 0006548
008 160613b 1994 mx |||| |||| 00| 0 spa d
020 _a9684328265
040 _aBPMSU
_bspa
_cBPMSU
092 _axxxxx
_bxxxxx
100 1 _aZdenek, Joseph W.
245 1 0 _aTeatro español contemporáneo /
_cintroducciones y anotaciones por Joseph W. Zdenek y Guillermo I. Castillo-Feliú.
250 _a5a ed.
260 _aMéxico :
_bPorrúa,
_c1984.
300 _a334, [26] p.
_c22 cm.
490 1 _a"Sepan cuantos... "
_v325 p.
505 0 _tLos intereses creados ; La Malquerida /
_rJacinto Benavente --
_tEn Flandes se ha puesto el sol /
_rEduardo Marquina --
_tMalvaloca /
_rSerafín y Joaquín Álvarez Quintero --
_tEl embrujado /
_rDon Ramón del Valle-Inclán --
_tSombras de sueño /
_rMiguel de Unamuno --
_tBodas de sangre /
_rFederico García Lorca.
700 1 _aCastillo-Feliú, Guillermo I.
830 0 _a"Sepan cuantos... "
_n325
942 _2ddc
_cBK
945 _aInventariado, 2018 / BT
956 _2LOPEREZ
_310
_620160613
_8BPMSU
_a00041
999 _c10370
_d10370